000
00284nam a22001337a 4500
008
170731b xxu||||| |||| 00| 0 eng d
020
_a
0471870897
041
_a
eng
080
_a
004
100
_a
32
101
_a
SHK
245
_a
PROGRAMMING IN ADA
_c
WIENER,R
942
_2
udc
_c
BK
999
_c
22171
_d
22171